LIBRARY & INFORMATION CENTRE, KCAET, TAVANUR

ONLINE PUBLIC ACCESS CATALOGUE (OPAC)

Biogas plants in Europe: A practical handbook, Vol.6 / (Record no. 9971)

MARC details
000 -LEADER
fixed length control field 00446cam a2200169ua 4500
041 ## - LANGUAGE CODE
Language code of text/sound track or separate title eng
082 ## - DEWEY DECIMAL CLASSIFICATION NUMBER
Classification number 028.71621
Item number DEM/BI
100 ## - MAIN ENTRY--AUTHOR NAME
Personal name Demuynck, M .
245 ## - TITLE STATEMENT
Title Biogas plants in Europe: A practical handbook, Vol.6 /
260 ## - PUBLICATION, DISTRIBUTION, ETC. (IMPRINT)
Place of publication :
Name of publisher D Reidel publishing company ,
Year of publication 1984.
300 ## - PHYSICAL DESCRIPTION
Number of Pages 340 ; .
700 1# - ADDED ENTRY--PERSONAL NAME
Personal name Nyns, E.J .
700 1# - ADDED ENTRY--PERSONAL NAME
Personal name Palz, W .
942 ## - ADDED ENTRY ELEMENTS (KOHA)
Koha item type Books
Holdings
Withdrawn status Lost status Damaged status Home library Current library Date acquired Full call number Accession Number Koha item type
      KAUAET KAUAET 07/04/2012 028.71621 19908 Reference
free website counter